000 01287nam a2200313 i 4500
003 CO-ViMGA
005 20230915224424.0
008 201222s2018 ck a|||br|||| 00| jdmul d
020 _a9789580007098
040 _aCO-ViMGA
_bspa
_cCO-ViMGA
084 _aC BAR37
100 1 _aBarrera Kelly, Ignacio
_d1977-
_eautor
_9170059
245 1 0 _aWal descubre a los bucaneros :
_bhistoria de San Andres y Providencia /
_cescrito por Ignacio Barrera Kelly, Edna Morales ; ilustraciones Eduardo Rico
246 3 1 _aWal meets the bucaneers
_bearly history of San Andres and Providence Islands
250 _aPrimera edicion
260 _aBogota :
_bEducactiva,
_c2018
300 _a67 paginas
_bilustraciones
_c25 cm
490 0 _aLibro fuera de serie
500 _aIncluye glosario
546 _aTexto en español e inglés
650 1 7 _aAutores colombianos
_ySiglo XX
_93714
650 1 7 _aCuentos infantiles colombianos
_ySiglo XX
_2LEMB
_9388
650 1 7 _aEsclavitud en Colombia
_vCuentos
_9170060
650 1 7 _aLiteratura infantil colombiana
_ySiglo XX
_9389
651 4 _aSan Andres y Providencia (Islas, Colombia)
_xDescubrimiento y exploraciones
_xHistoria
_vCuentos
_9170061
700 1 _aMorales, Edna
_eautora
_9170062
700 1 _aRico, Eduado
_eilustrador
_9170063
942 _2ddc
_cBK
999 _c9159
_d9159